4th Gen Kpop Idols - Statistics

General Stats
  • This quiz has been taken 656 times
  • The average score is 42 of 63
Answer Stats
Hint Answer % Correct
Stray Kids Han
98%
Stray Kids Felix
97%
Stray Kids Bangchan
96%
Stray Kids Changbin
93%
Stray Kids Hyunjin
93%
Stray Kids I.N
93%
Stray Kids Lee Know
91%
TXT Soobin
91%
Enhypen Jake
90%
Enhypen Niki
90%
Stray Kids Seungmin
89%
Enhypen Jay
88%
TXT Beomgyu
87%
TXT Huening Kai
87%
Itzy Yeji
87%
TXT Yeonjun
87%
New jeans Danielle
85%
Itzy Lia
85%
(G)i-dle Minnie
85%
(G)i-dle Soyeon
85%
Enhypen Sunoo
85%
Le sserafim Sakura
84%
TXT Taehyun
84%
Ive Wonyoung
84%
Itzy Yuna
84%
Le sserafim Chaewon
83%
Enhypen Heeseung
83%
Itzy Ryujin
83%
Enhypen Sunghoon
83%
(G)i-dle Yuqi
83%
Le sserafim Eunchae
80%
New jeans Hanni
80%
(G)i-dle Shuhua
80%
Le sserafim Kazuha
79%
Le sserafim Yunjin
79%
(G)i-dle Miyeon
77%
Itzy Chaeryeong
75%
Ive Yujin
74%
New jeans Hyein
73%
Ive Liz
73%
New jeans Minji
73%
New jeans Haerin
72%
Ive Rei
71%
Ive Gaeul
69%
Ive Lesseo
51%
The boyz Eric
43%
The boyz Kevin
40%
The boyz Q
40%
The boyz Sunwoo
37%
The boyz Jacob
32%
The boyz New
30%
Enhypen Junwon
27%
The boyz Juyeon
26%
Ablue YOU
24%
The boyz Sangyeon
23%
The boyz Younghoon
22%
The boyz Hyunjae
21%
The boyz Juhaknyeon
19%
Ablue ON
10%
Ablue Seongsoo
8%
Ablue Sukjun
8%
Ablue Wonjun
8%
Ablue WinL
7%
No matching quizzes found
Score Distribution
Percent of People with Each Score
Percentile by Number Answered
Your Score History
You have not taken this quiz